Petit Atlas historique de l'Antiquité grecque (notice n° 1926162)
[ vue normale ]
| 000 -LEADER | |
|---|---|
| fixed length control field | 01305cam a2200133 4500500 |
| 005 - DATE AND TIME OF LATEST TRANSACTION | |
| control field | 20260329023313.0 |
| 041 ## - LANGUAGE CODE | |
| Language code of text/sound track or separate title | fre |
| 042 ## - AUTHENTICATION CODE | |
| Authentication code | dc |
| 100 10 - MAIN ENTRY--PERSONAL NAME | |
| Personal name | Cabanes, Pierre |
| Relator term | author |
| 245 00 - TITLE STATEMENT | |
| Title | Petit Atlas historique de l'Antiquité grecque |
| 260 ## - PUBLICATION, DISTRIBUTION, ETC. | |
| Name of publisher, distributor, etc. | Armand Colin,<br/> |
| Date of publication, distribution, etc. | 2016.<br/> |
| 520 ## - SUMMARY, ETC. | |
| Summary, etc. | Cet atlas historique de l’Antiquité grecque présente en 43 fiches le monde antique dans son cadre géographique et chronologique, dans l’espace et dans le temps. Clair et pratique, il permet à tous de s’initier à l’histoire de la Grèce ancienne en présentant quelques-unes des interrogations que soulève l’étude du monde grec antique et des domaines voisins tels que l’Égypte et le Moyen-Orient (Mésopotamie, Phénicie, Palestine, royaume perse) marqués, à une période ou à une autre, par l’hellénisme. Un index des thèmes, des noms propres et des lieux, facilite la compréhension de la période. Des pistes bibliographiques à la fin de chaque fiche permettent au lecteur d’approfondir les thèmes abordés. - Un ouvrage en deux couleurs - 43 cartes originales - des généalogies, des chronologies, des plans, des graphiques et tableaux |
| 856 41 - ELECTRONIC LOCATION AND ACCESS | |
| Uniform Resource Identifier | <a href="https://shs.cairn.info/petit-atlas-historique-de-l-antiquite-grecque--9782200614591?lang=fr&redirect-ssocas=7080">https://shs.cairn.info/petit-atlas-historique-de-l-antiquite-grecque--9782200614591?lang=fr&redirect-ssocas=7080</a> |
Pas d'exemplaire disponible.




Réseaux sociaux